| 000 | 00471nam a2200181Ia 4500 | ||
|---|---|---|---|
| 001 | 9028 | ||
| 005 | 20260306160653.0 | ||
| 008 | 260306t2003||||xx |||||||||||||| ||spa|| | ||
| 041 | _aESP | ||
| 082 |
_a372.358 _bC82 |
||
| 100 |
_aCorvera Ormeño, Enrique [1974-...] _eAUT |
||
| 245 | 0 |
_aTecnología y matemática integradas: _bquinto y sexto grado |
|
| 260 | _c2003 | ||
| 300 |
_a230 páginas : _c29 cm. |
||
| 650 | _aGEN | ||
| 654 | _aCED | ||
| 942 |
_cLIB _dJUS _fJUS _2ddc _n |
||
| 999 |
_c9028 _d9028 |
||